| 000 | 00389 a2200133 4500 | ||
|---|---|---|---|
| 005 | 20250618115507.0 | ||
| 020 | _a0-675-20657-X | ||
| 082 | _aLM 621.381 BUC | ||
| 100 | _aBUCHLA, D. | ||
| 245 | _aExperiments in Basic Circuits: Theory and Application | ||
| 260 |
_aNew York, _bMacmillan Publishing Company, _c1989. |
||
| 300 |
_a269p.: ill.; figure, picture, table. _c28cm. |
||
| 942 |
_2ddc _cBKS |
||
| 999 |
_c4290 _d4290 |
||